| 000 | 00619nam a2200181 a 4500 | ||
|---|---|---|---|
| 005 | 20260322212029.0 | ||
| 008 | data | ||
| 010 | _a55-12215 | ||
| 096 | _aWM 460 F297p 1955 | ||
| 100 | 1 | _aFerenczi, Sandor | |
| 245 | 1 | 0 |
_aFinal contributions to the problems and methods of psychoanalysis _cSandor Ferenczi ; edited by Michael Balint ; tr. by Eric Mosbacher and others ; introd. by Clara Thompson |
| 260 |
_aNew York _bBasic Books _cc1955 |
||
| 300 | _a447 p. | ||
| 490 | 0 | _aThe basic classics in psychiatry. | |
| 500 | _aSpine title: The selected papers of Sandor Ferenczi, M.D. | ||
| 650 | 0 | 2 | _aPsychoanalysis |
| 001 | data | ||
| 999 |
_c672 _d672 |
||